000 00484nam a2200157Ia 4500
008 200302s9999 xx 000 0 und d
020 _a9781133949671
100 _aShi, Leiyu
245 _cLeiyu Shi.--
_aHealth services:
_bResearch methods /
250 _a3rd ed.
260 _aBoston, MA :
_bCengage Learning
_c2019
300 _axv, 431 pages:
500 _aIncludes index
650 _a Medical care -- Research -- Methodology.
650 _aHealth Services Research -- methods.
999 _c363063
_d363063